| 000 | 01201nam a2200337 i 4500 | ||
|---|---|---|---|
| 001 | 768714001 | ||
| 003 | CO-MdFUSB | ||
| 005 | 20220218102447.0 | ||
| 007 | ta | ||
| 008 | 220218t1986 mx a|||| |||| 00| 0 spa d | ||
| 020 | _a9681609867 | ||
| 040 |
_aCO-MdFUSB _bspa _cCO-MdFUSB _dCO-MdFUSBC _erda |
||
| 041 | _aspa | ||
| 082 |
_223 _a410 _bSW971 |
||
| 100 |
_aSwadesh, Mauricio, _eautor |
||
| 245 | 3 |
_aEl lenguaje y la vida humana. _c/ Mauricio Swadesh |
|
| 264 | 1 |
_aMéxico : _bFondo de Cultura Económica, _c[1966] |
|
| 264 | 4 | _c© 1966 | |
| 300 |
_a395 páginas _c; 17 cm |
||
| 336 |
_2rdacontent _atexto _btxt |
||
| 337 |
_2rdamedia _asin mediación _bn |
||
| 338 |
_2rdacarrier _avolumen _bnc |
||
| 490 | _aFondo de Cultura Económica, | ||
| 505 | _aOrigen y evolución del lenguaje humano. -- La edad de la escritura. -- Costumbres verbales. -- Lentes para ver el mundo: el significado. -- Gruñidos y fonemas. -- Engranaje de la expresión. -- Fórmulas para aprender lenguas. -- Un tapete vivo. -- A través de los siglos. | ||
| 563 | _aRústico | ||
| 653 | _aLingüística | ||
| 653 | _aSociolingüística. | ||
| 653 | _aLenguaje y lenguas | ||
| 942 | _cBK | ||
| 945 | _aJTF-925 | ||
| 999 |
_c67258 _d67258 |
||